Момичета на война (Запис номер 123774)
[ съкратено ]
| 000 -Лидер | |
|---|---|
| Контролно поле с фиксирана дължина | 01211nam a2200301 c 4500 |
| 003 - Код на организацията, давaща контролен номер | |
| Контролно поле | BLK |
| 005 - Дата и час на последна редакция | |
| Контролно поле | 20180420231744.0 |
| 008 - Елементи от данни с фиксирана дължина | |
| fixed length control field | 180409b bul|||||r ||||||| ||bul|| |
| 010 ## - Наследен системен номер | |
| LC control number | KNG00129437000 |
| 040 ## - Източник на каталожния запис | |
| Идентификатор на билиотеката - собственик на записа | BLK |
| 041 ## - Код за език | |
| Код за езика на текст/звукозапис или на отделно заглавие | Български |
| Код за езика КДБФ | Български |
| 080 ## - УДК | |
| Текстов определител УДК | ?Литература на Нигерия |
| УДК код - определител по УДК | 896(669) |
| УДК определител | -32 |
| УДК - код + определител | 896(669)-32 |
| 100 1# - Редна дума - Автор | |
| Автор | Ачебе, Чинуа |
| Авторска отговорност | първи автор |
| R(LIN) | 34941 |
| 139 ## - Редно поле | |
| Редна дума | Ачебе, Чинуа |
| Авторски знак | Ач - А 97 |
| 245 10 - Сведения за заглавието | |
| Заглавие | Момичета на война |
| Подзаглавни данни | Разкази |
| Редно поле (дума) | Чинуа Ачебе; прев. от англ. Богомил Бенев. |
| 257 ## - Страна на издаване | |
| Страна на създаване/издаване | Нигерия |
| 260 ## - Област на издателските данни | |
| -- | София |
| Име на издателя, разпространителя и проч. | Профиздат |
| Година на издаване | 1981 |
| 300 ## - Физическа характеристика | |
| Страници | 207 с. |
| Размери/Мащаб | 16 см |
| 380 ## - Жанр | |
| Жанр | Худож. лит. |
| 490 1# - СЕРИИ (Колекции) | |
| Име на серия | Библиотека Факел |
| №: серия | 5 |
| 500 ## - Общи забележки | |
| Забележка | Прев. е направен от Girls at war and other stories. 1977 ; The drum. 1977 ; Morning yet on creation day. 1977. - 21 600 тир. |
| 700 1# - Други автори (авторска отговорност) | |
| Лично име | Бенев, Богомил |
| Автороска отговорност (Описва отношението между автора и произведението) | прев. от англ. |
| 9 (RLIN) | 306001 |
| 852 ## - Местоположение | |
| Форматна сигнатура | Цб І 19041 |
| 856 4# - Електронен адрес и достъп | |
| Електронен формат | pdf - файл |
| Път до файла /url/ | |
| 856 4# - Електронен адрес и достъп | |
| Електронен формат | pdf - файл |
| Път до файла /url/ | |
| 942 ## - АРТИКУЛИ | |
| Вид на библиотечния материал | Книги |
| Скрит в OPAC | Не |
| 944 ## - СЪЗДАВАНЕ И РЕДАКЦИЯ на ЗАПИСА | |
| Създаване/Редакция | Създаване |
| Дата на регистрацията/редакция | 30.03.2012 |
| Статус, дата на статуса | 30.03.2012 - от С1,Р / 30.03.2012 |
| Служител, извършил регистрацията/редакцията | Грета_Цуфелде |
| 944 ## - СЪЗДАВАНЕ И РЕДАКЦИЯ на ЗАПИСА | |
| Създаване/Редакция | Редакция |
| Дата на регистрацията/редакция | 30.03.2012 |
| Статус, дата на статуса | 30.03.2012 - от С1,Р / 30.03.2012 |
| Служител, извършил регистрацията/редакцията | |
| 999 ## - СИСТЕМНИ КОНТРОЛНИ НОМЕРА | |
| Koha biblionumber | 123774 |
| Koha biblioitemnumber | 123774 |
| Код за отписване | Код за изгубен артикул | Източник на класификационната схема | Код за повреда | Коз за рестрикции | Код за отдаване | Артикулен № | Име на библиотеката - собственик | Име на библиотеката, в която се намира в момента | Статус (Текущо местоположение) | Дата на вписване в системата | Местоположение - отдел | Цена в лева | Инвентарен номер | Систематично азбучна сигнатура | Баркод | Номер на екземпляра | Цена в евро | Служебна бележка | Служебен тип на артикула |
|---|---|---|---|---|---|---|---|---|---|---|---|---|---|---|---|---|---|---|---|
| Не е изгубен | Universal Decimal Classification | Не е повреден | без рестрикции | ползва се в читалня | 200522 | Регионална библиотека "Любен Каравелов" Русе | Регионална библиотека "Любен Каравелов" Русе | Хранилище | 1981-01-01 | Хранилище | 1.00 | 334278 | Цб І 19041 | 120000334278 | 1 | 0.51 | N: стар фонд Дата: 01.01.1981 | Книги | |
| Изтеглен | Не е изгубен | Universal Decimal Classification | Не е повреден | без рестрикции | заемане за дома | 200523 | Регионална библиотека "Любен Каравелов" Русе | Регионална библиотека "Любен Каравелов" Русе | Заемна - подръчен фонд | 1981-01-01 | Заемна - подръчен фонд | 1.00 | 334716 | П 896-32/А 97 | 334716 | 2 | 0.51 | N: стар фонд Дата: 01.01.1981 Дата инв: 08.02.2018 Бележки инв: П2018 | Книги |
| Изтеглен | Не е изгубен | Universal Decimal Classification | Не е повреден | без рестрикции | заемане за дома | 200524 | Регионална библиотека "Любен Каравелов" Русе | Регионална библиотека "Любен Каравелов" Русе | Заемна - подръчен фонд | 1981-01-01 | Заемна - подръчен фонд | 1.00 | 334717 | П 896-32/А 97 | 334717 | 3 | 0.51 | N: стар фонд Дата: 01.01.1981 | Книги |
| Изтеглен | Не е изгубен | Universal Decimal Classification | Не е повреден | без рестрикции | заемане за дома | 200525 | Регионална библиотека "Любен Каравелов" Русе | Регионална библиотека "Любен Каравелов" Русе | Заемна - подръчен фонд | 1981-01-01 | Заемна - подръчен фонд | 1.00 | 334719 | П 896-32/А 97 | 334719 | 4 | 0.51 | N: стар фонд Дата: 01.01.1981 | Книги |